000 00708nam a2200229Ia 4500
001 9233
003 GE_BSU
008 181216s||||||||xx |||||||||||||| ||und||
040 _cGE_BSU
080 _a821.353.1-32
100 _aლორია,პარმენ
245 _aკვალდაკვალ
245 _bმოთხრობები
245 _cრედ:გ.მოისწრაფიშვილი;მხატვ:ნ.პაქსაძე
260 _aბათუმი.
260 _bსაბჭ.აჭარა.
260 _c1982
300 _a147გვ;20სმ.
653 _aკვალდაკვალ
653 _aმოთხრობები
942 _cBK
999 _c42536
_d42536